| 000 | 04288nkm0a2200637 4500 | ||
|---|---|---|---|
| 001 | RU\NLR\BIBL_A\022621612 | ||
| 005 | 20260204000000.0 | ||
| 020 |
_aRU _b44-2527 (1944, № 3-4) _9Летопись изоизданий / ВКП. - Москва, 1948. - Вып. 1944, № 3-4. - С. 79 |
||
| 035 | _a(NLR Aleph) 022621612 | ||
| 071 | 5 | 0 | _d6 коп. |
| 090 |
_a89043 _c89043 |
||
| 100 | _a20250915d1944 u y0rusy50 ca | ||
| 101 | 0 | _arus | |
| 102 | _aRU | ||
| 116 | _adiycxx bk ae | ||
| 135 | _acrcn 024anaba | ||
| 181 | 0 |
_ab4 _bxb2e |
|
| 182 | 0 | _an | |
| 200 | 1 |
_a27 лет Великой Октябрьской социалистической революции _eвоинское _e[закрытое письмо] _fхуд. Арк. Щербаков |
|
| 203 |
_aИзображение _bнеподвижное _bдвухмерное _bвизуальное _cнепосредственное |
||
| 210 |
_a[Москва] _c"Советский график" Всекохудожника по заказу УВПП _d[1944 _eМосква] _gТип. "Красное знамя" |
||
| 215 |
_a1 л. (слож. вдвое) _cцв. цинкогр. _d20,6х15,5 (11х15,5) |
||
| 300 | _aНа закрытом письме также текст: Смерть немецким захватчикам! | ||
| 300 | _aЗаказчик УВПП - Управление военно-полевой почты | ||
| 300 | _aЦенз. разрешение: Г 11.9.44 | ||
| 309 | _aДвойной формуляр, с клеевой полосой | ||
| 316 |
_aЭкз. РНБ на шифре Э О-ЗП-3/1944-Щ, Эот100978: 20,6х15,5 (10,8х15,5) см _5NLR: Э О-ЗП-3/1944-Щ |
||
| 325 | _aКопия доступна в Электрон. б-ке РНБ | ||
| 327 | 0 | _aСоветские пехотинцы, идущие в атаку под знаменем; на заднем плане танки, в небе военные самолеты | |
| 532 | 1 | 1 | _aДвадцать семь лет Великой Октябрьской социалистической революции |
| 606 | 1 |
_aПочтовые открытки маркированные художественные _yСССР _z1941 - 1945 _2nlr_sh2 _3RU\NLR\AUTH\661531868 |
|
| 606 | 1 |
_aВеликая Октябрьская социалистическая революция _z1917 _xГодовщины _z1944 _jОткрытки _2nlr_sh2 _3RU\NLR\AUTH\6601684088 |
|
| 606 | 1 |
_aВеликая Отечественная война _z1941 - 1945 _xВоенные операции _jОткрытки _2nlr_sh1 _2nlr_sh2 _3RU\NLR\AUTH\66137667 |
|
| 610 | 1 | _aПоздравительные открытки | |
| 610 | 1 | _aОткрытки к 7 Ноября | |
| 610 | 1 | _aЗакрытые письма | |
| 686 | 1 | _aЩ153(2)7-489 | |
| 700 | 1 |
_aЩербаков _bА. И. _cхудожник _f1901-1971 _gАркадий Иванович _3RU\NLR\AUTH\770273850 _4040 |
|
| 712 | 0 | 1 |
_aСССР _bГлавное управление связи Красной Армии _bУправление военно-полевой почты _3RU\NLR\AUTH\880618205 _4570 |
| 712 | 0 | 2 |
_a"Советский график", всероссийское товарищество художников-графиков _3RU\NLR\AUTH\880618204 _4650 |
| 712 | 0 | 2 |
_a"Красное знамя", типография _cМосква _3RU\NLR\AUTH\8810047235 _4610 |
| 830 | _aТехника печати - см. Летопись изоизданий. АЯ ОЭФ | ||
| 852 | 0 | 0 |
_aNLR _bЭ _jО-ЗП-3/1944-Щ _mЭот100977 |
| 852 | 0 | 0 |
_aNLR _bЭ _jО-ЗП-3/1944-Щ _mЭот100978 |
| 856 | 0 | _uhttps://vivaldi.nlr.ru/lo500003954/view | |
| 856 | 1 | _uhttps://vivaldi.nlr.ru/lo500003954/cover | |
| 856 | 2 | _uhttps://vivaldi.nlr.ru/lo500003954/text | |
| 901 | _eИзографические материалы | ||
| 942 | _cVISUAL | ||
| 945 | _aРоссийская национальная библиотека | ||
| 980 | _aNB | ||
| 980 | _aBV | ||
| 981 | 1 | 7 |
_a(17) Изографические материалы _b(17) Открытки |